African Countries- Sudden Death - Statistics

General Stats
  • This quiz has been taken 208 times
  • The average score is 11 of 16
Answers on the Grid
Answers color-coded by a green-red scale on the quiz's grid according to % correct below.
Guyana
Guinea
Haiti
Egypt
Lesotho
Brunei
France
Saudi Arabia
Mauritius
Maladies
Eswatini
Bhutan
Israel
Angola
Papa New Guinea
Guinea-Bissau
China
Spain
Uk
Portugal
India
Morocco
Tunisia
Malta
Gabon
Suriname
Comoros
Seychelles
Singapore
Burundi
 
Answer Stats
Answer % Correct
Egypt
95%
Guinea
95%
Lesotho
89%
Eswatini
83%
Angola
82%
Guinea-Bissau
80%
Morocco
80%
Tunisia
80%
Gabon
79%
Mauritius
77%
Burundi
75%
Seychelles
73%
Comoros
72%
France
17%
Spain
15%
Uk
14%
No matching quizzes found
Score Distribution
Percent of People with Each Score
Percentile by Number Answered
Your Score History
You have not taken this quiz